Directrius per al preservador : preservació de materials digitals : directrius per a organitzacions / traducció a cura de: Albert Villaró ; amb la col·laboració de: Lluís-Esteve Casellas preservació de materials digitals :
MARC
| LEADER | 00000nam a2200000Ia 4500 | ||
|---|---|---|---|
| 001 | 21380 | ||
| 008 | 160829s2008 xx 000 0 cat d | ||
| 020 | |a 84-922482-7-0 | ||
| 080 | |a FU-39-53 | ||
| 245 | |a Directrius per al preservador : |b preservació de materials digitals : |b directrius per a organitzacions / traducció a cura de: |b Albert Villaró ; amb la col·laboració de: |b Lluís-Esteve Casellas | ||
| 260 | |a Barcelona : |b Associació d'Arxivers de Catalunya : |b Generalitat de Catalunya. Departament de Cultura i Mitjans de Comunicació, |c 2008 | ||
| 300 | |a 33 p. ; |c 21 cm | ||
| 490 | |a Textos / Associació d'Arxivers de Catalunya ; 6 | ||
| 650 | |a Preservació digital |9 44409 | ||
| 650 | |a Fitxers informàtics |x Conservació i restauració |9 44410 | ||
| 650 | |a Publicacions electròniques |x Conservació i restauració I |9 44411 | ||
| 650 | |a Documents electrònics |x Conservació i restauració |9 44412 | ||
| 700 | |a Villaró, Albert, tr. |9 44413 | ||
| 700 | |a Casellas i Serra, Lluís-Esteve |9 26654 | ||
| 710 | 2 | |a Associació d'Arxivers de Catalunya |9 52966 | |
| 710 | 1 | |a Catalunya. |b Departament de Cultura i Mitjans de Comunicació |9 55890 | |
| 901 | |a Arxiu | ||
| 942 | |n 1 | ||
| 952 | |0 0 |1 0 |4 0 |6 FU3953 |7 1 |9 51936 |a Arxiu |b Arxiu |d 2016-12-01 |l 0 |o FU-39-53 |p 21380 |r 2016-12-01 00:00:00 |w 2016-12-01 |y ARXIU | ||
| 952 | |0 0 |1 0 |4 0 |6 PDL |7 1 |9 63823 |a Arxiu |b Arxiu |d 2022-09-07 |l 0 |o PDL |p 26731 |r 2022-09-07 00:00:00 |w 2022-09-07 |y ARXIU | ||
| 999 | |c 55783 |d 55783 | ||